| 000 | 01102nam a2200241 i 4500 | ||
|---|---|---|---|
| 001 | 57352 | ||
| 003 | ES-MaACL | ||
| 005 | 20250717122559.0 | ||
| 007 | t| | ||
| 008 | 031016s1907 sp 00110 spa d | ||
| 100 | 1 |
_aDorado, Facundo. _945371 |
|
| 245 | 1 | 0 |
_aMadrid / _cFacundo Dorado. |
| 260 |
_aMadrid : _b[s.n.], _c1907 _f(Establecimiento tipográfico de los Hijos de R. Álvarez á cargo de Manuel Álvarez) |
||
| 300 |
_a307 p. ; _c20 cm. |
||
| 530 | _aDisponible en formato digital. | ||
| 651 | 4 |
_aMadrid- _xHistoria. _98963 |
|
| 852 | 4 |
_aES-MaACL _959562 _jG-10633 _dOlim: 106-E-17 _cSPP3 _xEncuadernación en piel roja, reforzada en el lomo _xSello en tinta en portada: "Ateneo.Biblioteca de Madrid" _xFecha en tinta en portada: "6 JUL 1921" _hLegado: Calderón |
|
| 852 |
_aES-MaACL _jD-4170 _959562 _zFalta: recuento 1986, agosto 2022, enero 2024 _cSVI _qDatos tomados del fichero topográfico de perdidos |
||
| 856 | 4 |
_uhttps://archive.org/details/madrid00doragoog/page/n5/mode/2up _yInternet Archive |
|
| 942 |
_2udc _cMONOGRAFIA |
||
| 999 |
_c57352 _d57352 |
||